Score 0/13 Timer 01:30
0 Plays Today
Hint 4-Letter Word % Correct
'___ and steady wins the race'SLOW
96.3%
Where Cinderella met her princeBALL
92%
Soldier or fireman's footwearBOOT
91.4%
Pink Floyd: 'All in all you're just another brick in the ___'WALL
91.2%
Opening for a coin or tokenSLOT
90.4%
➳ Season following Summer ➳ ☠ FALL ☠
89.9%
Fishy respiratory partGILL
87.4%
➳ Rain's colder cousin ➳ ☠ SNOW ☠
87.2%
Lightning arrives in this formBOLT
86.7%
➳ Ferrell or Forte, e.g. ➳ ☠ WILL ☠
86.3%
Dark stain or smudgeBLOT
84.4%
___ Weevil (insect)BOLL
83%
Disruptive boldnessGALL
82.6%

Today's Daily Dose

You're not logged in!

Compare scores with friends on all Sporcle quizzes.
OR
Log In

Sporcle TV

Today on Sporcle TV


Watch our educational content, quiz creation guides, and fun videos on Sporcle TV.

Show Comments

Extras

Top Quizzes Today


Score Distribution

Paid Content

Your Account Isn't Verified!

In order to create a playlist on Sporcle, you need to verify the email address you used during registration. Go to your Sporcle Settings to finish the process.

Report this User

Report this user for behavior that violates our Community Guidelines.

Details: